| 000 | 00802nam a22002777a 4500 | ||
|---|---|---|---|
| 999 |
_c4752 _d4752 |
||
| 003 | AR-CdUCM | ||
| 008 | 190311b ||||| |||| 00| 0 spa d | ||
| 040 |
_aMUNICIPALIDAD PROVINCIAL DEL CUSCO _cBIBLIOTECA MUNICIPAL DEL CUSCO |
||
| 041 | _hfra | ||
| 082 |
_a086.843 / _bN85 |
||
| 110 |
_aEl Arco de Eros _914706 |
||
| 245 | _aLa Novela Amorosa / | ||
| 260 |
_aMadrid : _bGoya, _c1967. |
||
| 300 |
_at.2 _bIlustraciones, Graficos _c21cm. |
||
| 500 | _aNovelas Amorosa en 2 tomos | ||
| 505 | _aNovelas | ||
| 650 |
_aNovelas Francesas _9571 |
||
| 650 |
_aSiglo XX _98 |
||
| 650 |
_aHistoricas _912339 |
||
| 650 |
_aLiteratura _983 |
||
| 700 |
_aDe Burgos, Carmen _914707 |
||
| 700 |
_aFroufe, Anibal _914708 |
||
| 700 |
_aNicasio Gallego, Juan _914709 |
||
| 942 |
_2ddc _cLIBROS |
||
| 945 | _apjha | ||